000 00449nam a22001697a 4500
005 20230131084944.0
008 230131b |||||||| |||| 00| 0 eng d
020 _a978-3-8480-1115-5
082 _a641.52 F732 2016
100 _aForsnor, Anja,
_eauthor.
245 _aGood morning:
_bgourmet breakfast recipe /
_cAnja Forsnor.
300 _a151p. :
_bcol. ill.
504 _aIncludes index.
541 _e6944
650 _aBreakfast
650 _aMenus
999 _c802
_d802